zpět

Detail výsledku týmu

Tiebreak - Štvanice, Praha

Datum a čas kvízu

28 Celkem bodů Celkový počet nahraných bodů na tomto kvízu bez doplňovacích otázek.
6. Pořadí na kvízu Konečné umístění týmu na tomto kvízu.

Zaznamenané odpovědi

# Otázka Odpověď Body Výsledky
1. ODS v pondělí představila svou... 1C 2D 3B 4A 0
2. Britské bankovky budou mít nov... C 1
3. V poslanecké sněmovně proběhl... v (lidovém) kroji 1
4. V rámci oslav 75. výročí od vz... Escherichia coli (E. coli) 0
5. V pátek se Česko po 24 letech... Carina Edlingerová; (para)biatlon 0
6. Nejrozšířenějším „národním spo... D 0
7. Za národní sport lze považovat... národní házená (česká házená) 0
8. Některé země mají svůj národní... lakros 1
9. U uzákoněných národních sportů... polo; basketbal 0
10. I medailové úspěchy z olympijs... D 1